000 00392nam a22001577a 4500
005 20230525133636.0
008 230525b |||||||| |||| 00| 0 eng d
020 _a9781305870017
082 _a005.4
_bCAS-M
100 _aCashman,Shelly
245 _aMicrosoft office 365 Office 2016
260 _aUSA
_bCengage Learning
_c2017
300 _a530
650 _aComputer Science
999 _c18528
_d18528